000 01064cam a2200277u 4500
001 31835
003 BD-RjUL
005 20211209051744.0
008 140422s1938 enk 001 0 eng
035 _a(BD-RjUL)31923
040 _aDLC
_cCarP
_dDLC
_dBD-RjUL
_beng
041 _aeng
082 _a270
_bPAH V-10 1938
100 1 _aPastor, Ludwig.
_d1854-1928. [from old catalog]
_994339
245 0 4 _aThe history of the popes, from the close of the middle ages :
_bdrawn from the secret archives of the Vatican and other original sources /
_cby Ludwig Pastor, Freiherr von; translated and edited by Ernest Graf.
_nVolume X :
250 _a4th ed.
260 _aLondon :
_bKagan Paul,
_c1938.
300 _axxxii, 525 p. ;
_c23 cm.
504 _aIncludes index.
610 _aCatholic Church -- History.
_9114351
650 0 _aPapacy.
_xHistory.
_y1799-1870.
_994340
700 1 _aAntrobus, Frederick Ignatius,
_d1837-1903, [from old catalog]
_eed.
_994341
700 1 _aGraf, Dom Ernest.
_etr.
_994342
942 _2ddc
_cBK
999 _c31835
_d31835